Statistics for Every NFL Head Coach

Click here to take the quiz!

General Stats

  • This quiz has been taken 35 times
    (17 since last reset)
  • The average score is 23 of 32

Answer Stats

TeamYear JoinedCoach% Correct
New England Patriots2000Bill Belichick
94%
Kansas City Chiefs2013Andy Reid
88%
Detroit Lions2021Dan Campbell
88%
Baltimore Ravens2008John Harbaugh
88%
San Francisco 49ers2017Kyle Shanahan
88%
Green Bay Packers2019Matt LaFleur
88%
Miami Dolphins2022Mike McDaniel
88%
Philadelphia Eagles2021Nick Sirianni
88%
Seattle Seahawks2010Pete Carroll
88%
New York Jets2021Robert Saleh
88%
Los Angeles Rams2017Sean McVay
88%
Jacksonville Jaguars2022Doug Pederson
82%
Dallas Cowboys2020Mike McCarthy
82%
Pittsburgh Steelers2007Mike Tomlin
82%
Washington Commanders2020Ron Rivera
82%
Buffalo Bills2017Sean McDermott
82%
Atlanta Falcons2021Arthur Smith
76%
Los Angeles Chargers2021Brandon Staley
76%
Las Vegas Raiders2022Josh McDaniels
76%
Houston Texans2022Lovie Smith
76%
New York Giants2022Brian Daboll
71%
Arizona Cardinals2019Kilff Kingsbury
71%
Tennessee Titans2018Mike Vrabel
71%
Cincinnati Bengals2019Zac Taylor
71%
Minnesota Vikings2022Kevin O'Connell
65%
Cleveland Browns2020Kevin Stefanski
65%
Tampa Bay Buccaneers2022Todd Bowles
59%
Chicago Bears2022Matt Eberflus
53%
Denver Broncos2022Nathaniel Hackett
41%
New Orleans Saints2022Dennis Allen
29%
Indianapolis Colts2022*Jeff Saturday
0%
Carolina Panthers2022*Steve Wilks
0%

Score Distribution

Percentile by Number Answered

Percent of People with Each Score

Your Score History

You have not taken this quiz since the last reset